| 000 | 00434nam a2200205Ia 4500 | ||
|---|---|---|---|
| 001 | 000968 | ||
| 003 | YMCAF | ||
| 005 | 20230512160042.0 | ||
| 008 | 100717s1971 ||||||||||||||||| ||und|d | ||
| 024 | _a968 | ||
| 035 | _a950 | ||
| 040 |
_aYMCAF _beng _cIN-KoLT |
||
| 041 | _aeng | ||
| 082 | _aELE-BEN | ||
| 100 | _aBENSON F.A. | ||
| 245 | 0 | _aELECTRIC CIRCUIT PROBLEMS WITH SHOUT | |
| 260 | _c1971 | ||
| 300 | _a0 | ||
| 942 |
_2ddc _cBK |
||
| 999 |
_c772 _d772 |
||